| 000 | 00962nam a2200265 a 4500 | ||
|---|---|---|---|
| 003 | OSt | ||
| 005 | 20131022173307.0 | ||
| 008 | 131022s1999 sz ||||| |||| 00| 0 spa d | ||
| 020 | _a92-4-320884-5 | ||
| 040 | _cBiblioteca Medicina | ||
| 041 | _aspa | ||
| 082 | _bOMS IT 884 | ||
| 110 |
_aOrganizacion Mundial de la Salud _91006 |
||
| 245 | 0 | 0 |
_aEvaluacion de ciertos aditivos alimentarios y contaminantes de los alimentos. _b49º Informe del Comite Mixto FAO/OMS de Expertos en Aditivos Alimentarios |
| 250 | _a1º ed. | ||
| 260 |
_aGinebra _bOrganizacion Mundial de la Salud _c1999 |
||
| 300 | _a108 p. | ||
| 440 | 0 | 0 |
_aInformes Tecnicos _n884 _92779 |
| 653 | _aADITIVOS ALIMENTARIOS-TOXICIDAD | ||
| 653 | _aADITIVOS ALIMENTARIOS-ANALISIS | ||
| 653 | _aCONTAMINACION DE LOS ALIMENTOS | ||
| 653 | _aAROMATIZANTES-ANALISIS | ||
| 942 |
_2ddc _cPH |
||
| 999 |
_c1860 _d1860 |
||
| 952 |
_pH0102 _40 _00 _bBFM _10 _oOMS IT 884 _d2013-10-22 _tEj. 1 _8NFIC _70 _cCR _2ddc _yPH _aBFM |
||